00411nam a2200157Ia 45000010006000000050017000060080041000230410008000640820015000721000035000872450078001222600009002003000028002096500008002376540008002451162620260306162842.0260306t2024||||xx |||||||||||||| ||spa|| aESP a985.6bF89 aFuentes Pastor, Hélard,eAUT 0aMeses de incertidumbre y aversión :bla ocupación chilena en Arequipa c2024 a248 páginas :c24 cm. aGEN aCHU